Functional genomics (Record no. 75459)

MARC details
000 -LEADER
fixed length control field 00469nam a22001097a 4500
100 ## - MAIN ENTRY--AUTHOR NAME
Personal name Sathik, M.B.M.
245 ## - TITLE STATEMENT
Title Functional genomics
260 ## - PUBLICATION, DISTRIBUTION, ETC. (IMPRINT)
Name of publisher In: Recent Advances in Molecular Biology and Biotechnology: DBT Skill Vigyan State Partnership Programme Faculty Training 2024. (Comp. C. Bindu Roy). 6-19 March 2024, Rubber Research Institute of India, Kottayam, India, pp. 77-91. Lab Manual
650 ## - SUBJECT ADDED ENTRY--TOPICAL TERM
Topical Term Functional genomics
650 ## - SUBJECT ADDED ENTRY--TOPICAL TERM
Topical Term Gene expression
942 ## - ADDED ENTRY ELEMENTS (KOHA)
Koha item type Articles
Holdings
Withdrawn status Lost status Damaged status Not for loan Home library Current library Date acquired Koha item type
        RRII Library RRII Library 20/03/2025 Articles